000 00272nam a2200109Ia 4500
001 588819
005 20250717120838.0
008 250717s9999 xx 000 0 und d
245 0 _aV-15 NAZİK OLUYORUM
_cSAVAŞ ÖZDEMİR
260 _bTİMAŞ YAYINLARI
_c2016
300 _b64
999 _c588819
_d588819